000
00283nam a22001337a 4500
008
170224b xxu||||| |||| 00| 0 eng d
020
_a
X000G96RGR
041
_a
eng
080
_a
617
100
_a
5
101
_a
SHS
245
_a
SURGERY CLERKSHIP
_c
KAUFMAN.M.S
942
_2
udc
_c
BK
999
_c
6196
_d
6196